Normale Ansicht MARC-Ansicht ISBD

"Wolfskinder" in den Wirren der Kriegs- und Nachkriegszeit. (Titelsatznr. 370738)

[ MARC ]
MARC-Details
000 -Satzkennung
Kontrollfeld mit fester Länge 00528nab a2200181 4500
001 - Kontrollnummer
Kontrollfeld 238538
003 - Kontrollnummer Identifier
Kontrollfeld OSt
005 - Datum und Zeit der letzten Transaktion
Kontrollfeld 20210907104958.0
007 - Feld mit fester Länge zur physischen Beschreibung - Allgemeine Information
Kontrollfeld mit fester Länge tu
008 - Feld mit fester Länge zur physischen Beschreibung - Allgemeine Angaben
Kontrollfeld mit fester Länge 180201s2018|||||||
040 ## - Katalogisierungsquelle
Original-Katalogisierungsstelle DE-2950
Übertragungsstelle DE-2950
245 00 - Titel
Titel "Wolfskinder" in den Wirren der Kriegs- und Nachkriegszeit.
Zusatz zum Titel "Am liebsten wollten wir das alles vergessen..."
Verfasserangabe etc. Katharina Falkenhagen
264 ## - Produktion, Veröffentlichung, Distribution, Herstellung und Urheberrechtsvermerk
Datum der Herstellung, der Veröffentlichung, des Vertriebs oder des Urheberschutzvermerks 2021
653 ## - Indexierungsterm - Nicht normiert
Nicht-normierter Term Deutschland 1951
653 ## - Indexierungsterm - Nicht normiert
Nicht-normierter Term Wolfskinder
773 0# - Übergeordnete Einheit
Verknüpfungsangaben August / September 01.08. - 31.09.2021, S.25
Titel Gemeindebrief
942 ## - Zusätzliche Felder (Koha)
Klassifikation oder Aufstellungssystematik Andere/Generische Klassifikation
Koha-Medientyp Aufsätze
Exemplare
Ausgeschieden Verloren Klassifikation oder Aufstellungssystematik Beschädigt Nicht entleihbar Heimatbibliothek Aufenthaltsbibliothek Aufstellungsort Erwerbungsdatum Anzahl Ausleihen Signatur Letzte Aktivität Preis gültig von Koha-Medientyp
    Andere/Generische Klassifikation     Stadtarchiv Frankfurt (Oder) | Archivbibliothek Stadtarchiv Frankfurt (Oder) | Archivbibliothek Magazin 07/09/2021   II: 4264 07/09/2021 07/09/2021 Aufsätze